[Event "Oberliga NRW 1920"]
[Site "Germany"]
[Date "2019.12.15"]
[Round "4.3"]
[White "Tkachuk, Konstantyn"]
[Black "Borchert, Rene"]
[Result "0-1"]
[WhiteElo "2294"]
[BlackElo "2173"]
[PlyCount "66"]
[EventDate "2019.09.15"]
[EventType "team-tourn"]
[EventRounds "9"]
[EventCountry "GER"]
[SourceTitle "EXT 2022"]
[Source "ChessBase"]
[SourceDate "2021.10.06"]
[SourceVersion "1"]
[SourceVersionDate "2021.10.06"]
[SourceQuality "1"]
[WhiteTeam "Bochum SG"]
[BlackTeam "Dinslaken"]
[WhiteTeamCountry "GER"]
[BlackTeamCountry "GER"]

1. e4 e5 2. Nf3 Nc6 3. Bc4 Bc5 4. Nc3 Nf6 5. d3 0-0 6. Bg5 Be7 7. 0-0 d6 8. h3 Na5 9. Qe2 Nxc4 10. dxc4 c6 11. Rad1 Qc7 12. Rd3 Be6 13. b3 h6 14. Bh4 Rfe8 15. Rfd1 Nh5 16. Qe3 Nf4 17. R3d2 g5 18. Bg3 Ng6 19. Ne1 Qa5 20. a4 Rad8 21. Nf3 Bc8 22. c5 d5 23. exd5 Bxc5 24. Qd3 Kg7 25. Qc4 Bb4 26. Rd3 Bf5 27. Ne4 b5 28. axb5 cxb5 29. Bxe5+ Nxe5 30. Qd4 f6 31. Nxf6 Kxf6 32. Re3 Bd6 33. Rde1 Qc7 0-1

[Event "Oberliga NRW 1819"]
[Site "Germany"]
[Date "2019.03.17"]
[Round "7.5"]
[White "Maly, Alexey"]
[Black "Borchert, Rene"]
[Result "1-0"]
[WhiteElo "2343"]
[BlackElo "2173"]
[PlyCount "93"]
[EventDate "2018.09.16"]
[EventType "team-tourn"]
[EventRounds "9"]
[EventCountry "GER"]
[SourceTitle "EXT 2020"]
[Source "ChessBase"]
[SourceDate "2019.10.17"]
[SourceVersion "1"]
[SourceVersionDate "2019.10.17"]
[SourceQuality "1"]
[WhiteTeam "Siegburg"]
[BlackTeam "Dinslaken"]
[WhiteTeamCountry "GER"]
[BlackTeamCountry "GER"]

1. d4 Nf6 2. c4 e6 3. Nf3 d5 4. e3 Be7 5. Nbd2 0-0 6. Bd3 b6 7. 0-0 Bb7 8. b3 Nbd7 9. Bb2 c5 10. Rc1 Qc7 11. Qe2 Rad8 12. cxd5 exd5 13. Ne5 Ne4 14. Nxd7 Qxd7 15. dxc5 Nxc5 16. Nf3 Qg4 17. Nd4 Qxe2 18. Bxe2 Bf6 19. Ba3 Rfe8 20. Bb5 Re4 21. Bxc5 bxc5 22. Rxc5 Bxd4 23. exd4 a6 24. Rc7 axb5 25. Rxb7 Rxd4 26. Rxb5 Rd2 27. Re1 g6 28. a4 d4 29. g4 d3 30. Kg2 Rc2 31. Rd1 d2 32. Kf3 Re8 33. Rd5 Rc3+ 34. Kg2 Rxb3 35. R1xd2 Rb4 36. R5d4 Re4 37. Rxe4 Rxe4 38. Ra2 Rxg4+ 39. Kf3 Rb4 40. a5 Kf8 41. a6 Rb8 42. a7 Ra8 43. Ke4 Ke7 44. Kd5 Kd7 45. Ke5 Ke7 46. Ra6 f5 47. Ra4 1-0

[Event "Oberliga NRW 1819"]
[Site "Germany"]
[Date "2018.09.16"]
[Round "1.6"]
[White "Borchert, Rene"]
[Black "Savchenko, Daniel"]
[Result "1-0"]
[WhiteElo "2173"]
[BlackElo "2141"]
[PlyCount "73"]
[EventDate "2018.09.16"]
[EventType "team-tourn"]
[EventRounds "9"]
[EventCountry "GER"]
[SourceTitle "EXT 2020"]
[Source "ChessBase"]
[SourceDate "2019.10.17"]
[SourceVersion "1"]
[SourceVersionDate "2019.10.17"]
[SourceQuality "1"]
[WhiteTeam "Dinslaken"]
[BlackTeam "Wuppertal Bahn"]
[WhiteTeamCountry "GER"]
[BlackTeamCountry "GER"]

1. e4 c5 2. c3 d5 3. exd5 Qxd5 4. d4 Nf6 5. Nf3 Nc6 6. Be3 Bg4 7. c4 Qh5 8. d5 Ne5 9. Be2 Nfd7 10. Nbd2 Qf5 11. Qb3 Bxf3 12. Nxf3 b6 13. Rd1 g6 14. Nxe5 Qxe5 15. Bd2 Qd6 16. Bc3 Rg8 17. 0-0 h5 18. Rfe1 Bg7 19. Bxg7 Rxg7 20. Bf3 Ne5 21. Re2 Nxf3+ 22. Qxf3 0-0-0 23. Rde1 Re8 24. Qh3+ Kc7 25. Qh4 Kd7 26. Qh3+ Kc7 27. Qa3 Kb7 28. Qc3 Rgg8 29. Qf3 Rgf8 30. Rxe7+ Rxe7 31. Rxe7+ Ka8 32. Rxf7 Re8 33. g3 h4 34. gxh4 g5 35. hxg5 Rh8 36. Qf4 Qg6 37. d6 1-0

[Event "Dortmund Sparkassen op-A 46th"]
[Site "Dortmund"]
[Date "2018.07.19"]
[Round "6"]
[White "Biermann, Lenhard"]
[Black "Borchert, Rene"]
[Result "1-0"]
[WhiteElo "2051"]
[BlackElo "2216"]
[PlyCount "49"]
[EventDate "2018.07.14"]
[EventType "swiss"]
[EventRounds "9"]
[EventCountry "GER"]
[SourceTitle "CBM 185 Extra"]
[Source "ChessBase"]
[SourceDate "2018.07.29"]
[SourceVersion "1"]
[SourceVersionDate "2018.07.29"]
[SourceQuality "1"]

1. d4 Nf6 2. Nf3 e6 3. c4 d5 4. g3 Be7 5. Bg2 0-0 6. 0-0 dxc4 7. Na3 Bxa3 8. bxa3 Nc6 9. Bb2 Rb8 10. Qc2 b5 11. e4 Ba6 12. Rfd1 Qe7 13. d5 Nd8 14. Bc3 c5 15. d6 Qd7 16. e5 Nd5 17. Ng5 g6 18. Ne4 Qc8 19. Rxd5 exd5 20. Nf6+ Kh8 21. d7 Qb7 22. Qd2 Rg8 23. Qh6 Rg7 24. Bxd5 Qb6 25. Ne8 1-0

[Event "GER-ch U25-A"]
[Site "Willingen"]
[Date "2018.05.20"]
[Round "1"]
[White "Bargsten, Justus"]
[Black "Borchert, Rene"]
[Result "0-1"]
[WhiteElo "1945"]
[BlackElo "2165"]
[PlyCount "86"]
[EventDate "2018.05.19"]
[EventType "swiss"]
[EventRounds "9"]
[EventCountry "GER"]
[SourceTitle "CBM 184 Extra"]
[Source "ChessBase"]
[SourceDate "2018.06.28"]
[SourceVersion "1"]
[SourceVersionDate "2018.06.28"]
[SourceQuality "1"]

1. e4 e5 2. Nf3 Nc6 3. Bb5 a6 4. Ba4 Nf6 5. 0-0 Be7 6. d3 b5 7. Bb3 d6 8. a4 b4 9. a5 0-0 10. Nbd2 Rb8 11. h3 Na7 12. Nc4 c5 13. Be3 Nc6 14. Nh2 Be6 15. c3 bxc3 16. bxc3 Bxc4 17. Bxc4 Nxa5 18. Bxa6 Qb6 19. Qa4 Qxa6 20. c4 Bd8 21. Bd2 Ra8 22. Ra3 Bc7 23. Rfa1 Ra7 24. Bxa5 Rfa8 25. Bxc7 Qxa4 26. Rxa4 Rxa4 27. Rxa4 Rxa4 28. Bxd6 Ra1+ 29. Nf1 Nd7 30. f4 exf4 31. Bxf4 Ra3 32. Kf2 Rxd3 33. Ke2 Ra3 34. Ne3 f6 35. Bd6 Kf7 36. Ng4 Ke6 37. Bf4 h5 38. Nf2 Ne5 39. Bxe5 Kxe5 40. Nd3+ Kd4 41. Nf4 Kxe4 42. Nxh5 Ra2+ 43. Kf1 Ra7 0-1

[Event "Oberliga NRW 1718"]
[Site "Germany"]
[Date "2018.03.11"]
[Round "7.5"]
[White "Kaufeld, Juergen"]
[Black "Borchert, Rene"]
[Result "1/2-1/2"]
[WhiteElo "2247"]
[BlackElo "2112"]
[PlyCount "126"]
[EventDate "2017.09.17"]
[EventType "team-tourn"]
[EventRounds "9"]
[EventCountry "GER"]
[SourceTitle "EXT 2019"]
[Source "ChessBase"]
[SourceDate "2018.10.10"]
[SourceVersion "1"]
[SourceVersionDate "2018.10.10"]
[SourceQuality "1"]
[WhiteTeam "Oberhausen"]
[BlackTeam "Dinslaken"]
[WhiteTeamCountry "GER"]
[BlackTeamCountry "GER"]

1. d4 e6 2. Nf3 Nf6 3. Bf4 d5 4. e3 Be7 5. Nbd2 0-0 6. Bd3 c5 7. c3 Nc6 8. Qe2 Re8 9. h4 c4 10. Bc2 b5 11. Ne5 Nxe5 12. dxe5 Nd7 13. Nf3 Nf8 14. Ng5 f6 15. Nf3 b4 16. Kf1 bxc3 17. bxc3 Qa5 18. Qd2 f5 19. Rg1 h5 20. Nd4 Ba3 21. Rb1 Bd7 22. g4 hxg4 23. f3 gxf3 24. Bh6 Re7 25. Bd1 Qc7 26. Bf4 Rb8 27. Rxb8 Qxb8 28. Bxf3 Qb1+ 29. Kf2 Qb2 30. Ke2 Ba4 31. Qxb2 Bxb2 32. Kd2 Ba3 33. Rb1 Bc5 34. h5 Bb6 35. h6 g6 36. Bg5 Re8 37. Bf6 Kh7 38. Rb4 Bd7 39. a4 Bc8 40. Nb5 Nd7 41. Bg7 Ba6 42. Nd6 Rg8 43. Nf7 Rxg7 44. hxg7 Kxg7 45. Ng5 Nc5 46. Rb1 Bc7 47. Rh1 Bxe5 48. Rh7+ Kf6 49. Nf7 Bg3 50. Nd8 Nxa4 51. Rf7+ Ke5 52. Rxa7 Nc5 53. Rc7 Nb3+ 54. Ke2 Bb5 55. Rb7 Ba4 56. Re7 Nc5 57. Rc7 Kd6 58. Rg7 Bh4 59. Nf7+ Ke7 60. Nh8+ Kd6 61. Nf7+ Ke7 62. Nh8+ Kd6 63. Nf7+ Ke7 1/2-1/2

[Event "Oberliga NRW 1718"]
[Site "Germany"]
[Date "2017.12.17"]
[Round "4.6"]
[White "Tueckmantel, Rene"]
[Black "Borchert, Rene"]
[Result "1-0"]
[WhiteElo "2089"]
[BlackElo "2112"]
[PlyCount "57"]
[EventDate "2017.09.17"]
[EventType "team-tourn"]
[EventRounds "9"]
[EventCountry "GER"]
[SourceTitle "EXT 2019"]
[Source "ChessBase"]
[SourceDate "2018.10.10"]
[SourceVersion "1"]
[SourceVersionDate "2018.10.10"]
[SourceQuality "1"]
[WhiteTeam "Wuppertal Bahn"]
[BlackTeam "Dinslaken"]
[WhiteTeamCountry "GER"]
[BlackTeamCountry "GER"]

1. d4 Nf6 2. c4 e6 3. Nf3 d5 4. g3 Be7 5. Bg2 0-0 6. 0-0 dxc4 7. Qc2 a6 8. a4 Bd7 9. Qxc4 Bc6 10. Nc3 a5 11. Bf4 Na6 12. Rac1 Rc8 13. Rfe1 Bb4 14. Bg5 Qe8 15. Bxf6 gxf6 16. Nh4 Bxg2 17. Kxg2 c6 18. e4 Qd7 19. Red1 Rfd8 20. Qe2 Bf8 21. Qh5 Qc7 22. Qg4+ Kh8 23. Qh5 Nb4 24. d5 Bg7 25. d6 Rxd6 26. Nb5 Rxd1 27. Nxc7 Rxc1 28. Qxf7 f5 29. Ne8 1-0

[Event "Oberliga NRW 1718"]
[Site "Germany"]
[Date "2017.10.15"]
[Round "2.5"]
[White "Borchert, Rene"]
[Black "Koerber, Matthias"]
[Result "1-0"]
[WhiteElo "2112"]
[BlackElo "2195"]
[PlyCount "97"]
[EventDate "2017.09.17"]
[EventType "team-tourn"]
[EventRounds "9"]
[EventCountry "GER"]
[SourceTitle "EXT 2019"]
[Source "ChessBase"]
[SourceDate "2018.10.10"]
[SourceVersion "1"]
[SourceVersionDate "2018.10.10"]
[SourceQuality "1"]
[WhiteTeam "Dinslaken"]
[BlackTeam "Wattenscheid"]
[WhiteTeamCountry "GER"]
[BlackTeamCountry "GER"]

1. e4 c5 2. c3 d5 3. exd5 Qxd5 4. d4 Nc6 5. Nf3 Bg4 6. dxc5 Qxd1+ 7. Kxd1 e5 8. b4 Nf6 9. Kc2 Bf5+ 10. Kb2 Ng4 11. Be3 Be7 12. Bb5 0-0 13. Nbd2 Rfd8 14. Rhd1 Bf6 15. Nc4 Bd3 16. Bxc6 bxc6 17. Na5 Be4 18. Nb7 Rdb8 19. Na5 Bd8 20. Nc4 a5 21. a3 axb4 22. axb4 Bf6 23. h3 Bd5 24. Nb6 Nxe3 25. fxe3 Rxa1 26. Rxa1 Be4 27. Nd7 Rd8 28. Nxf6+ gxf6 29. c4 Rd3 30. b5 cxb5 31. cxb5 Rxe3 32. c6 Re2+ 33. Kb3 Rxg2 34. c7 Rc2 35. Nd2 Bf5 36. b6 Rc6 37. Ra6 Bc8 38. b7 Rxc7 39. b8Q Rb7+ 40. Qxb7 Bxb7 41. Rxf6 Kg7 42. Rb6 Bc8 43. h4 Be6+ 44. Kc3 Kg6 45. Kd3 Kh5 46. Ke4 Kxh4 47. Kxe5 h5 48. Kf4 Kh3 49. Nf3 1-0

[Event "Oberliga NRW 1718"]
[Site "Germany"]
[Date "2017.09.17"]
[Round "1.6"]
[White "Kamp, Christoph"]
[Black "Borchert, Rene"]
[Result "1/2-1/2"]
[WhiteElo "2209"]
[BlackElo "2112"]
[PlyCount "162"]
[EventDate "2017.09.17"]
[EventType "team-tourn"]
[EventRounds "9"]
[EventCountry "GER"]
[SourceTitle "EXT 2019"]
[Source "ChessBase"]
[SourceDate "2018.10.10"]
[SourceVersion "1"]
[SourceVersionDate "2018.10.10"]
[SourceQuality "1"]
[WhiteTeam "Muenster"]
[BlackTeam "Dinslaken"]
[WhiteTeamCountry "GER"]
[BlackTeamCountry "GER"]

1. c4 e6 2. Nc3 Nf6 3. e4 Nc6 4. Nf3 d5 5. e5 Ne4 6. d4 Bb4 7. Qc2 f5 8. Be3 0-0 9. Bd3 f4 10. Bd2 Ng5 11. Nxg5 Qxg5 12. cxd5 Nxd4 13. Bxh7+ Kh8 14. Qe4 c5 15. dxc6 Nxc6 16. h4 Qxe5 17. h5 Qxe4+ 18. Bxe4 e5 19. 0-0-0 Bf5 20. Bxf5 Rxf5 21. Ne4 Bxd2+ 22. Rxd2 Nd4 23. Nd6 Rf6 24. Nxb7 Rb8 25. Na5 Ra6 26. Nc4 Rc8 27. b3 Nxb3+ 28. axb3 Ra1+ 29. Kb2 Rxh1 30. Nxe5 Kh7 31. Ng6 f3 32. gxf3 Rxh5 33. Ne7 Rc7 34. Nd5 Rf7 35. f4 Kh6 36. Kc3 Rb7 37. Rd3 Kg6 38. Ne3 Kf7 39. Nc4 Rc7 40. Kd2 Ke7 41. Re3+ Kf6 42. Ne5 Rh4 43. Nd3 Re7 44. Rg3 Kf5 45. Kc3 Rh8 46. Kd4 Rd8+ 47. Kc3 Rc7+ 48. Kd2 Ke4 49. Re3+ Kf5 50. Re5+ Kf6 51. Re3 Rdc8 52. Re5 Rc2+ 53. Ke3 R2c3 54. Ke4 Rxb3 55. Rf5+ Ke7 56. Re5+ Kf8 57. Rd5 Rb6 58. Ne5 Kg8 59. Kf5 a6 60. Ng6 Re8 61. Rd7 a5 62. Ra7 Rb5+ 63. Ne5 Rf8+ 64. Kg5 Kh7 65. f3 Rd5 66. Ra6 Rf6 67. Ra8 Rd4 68. f5 Rd5 69. f4 Rb5 70. Kg4 Rfb6 71. Nc4 Rf6 72. Ne5 Rfb6 73. Nc4 Rb8 74. Rxb8 Rxb8 75. Nxa5 Rb1 76. Nc6 Kg8 77. Ne5 Kf8 78. Kg5 Rg1+ 79. Ng4 Kf7 80. Kh5 Rf1 81. Kg5 Rg1 1/2-1/2

[Event "Dortmund Helmut Kohl"]
[Site "Dortmund"]
[Date "2017.07.20"]
[Round "6"]
[White "Nguyen, Kevin"]
[Black "Borchert, Rene"]
[Result "1-0"]
[WhiteElo "2194"]
[BlackElo "2202"]
[PlyCount "57"]
[EventDate "2017.07.15"]
[EventType "tourn"]
[EventRounds "9"]
[EventCountry "GER"]
[SourceTitle "CBM 179 Extra"]
[Source "ChessBase"]
[SourceDate "2017.08.23"]
[SourceVersion "1"]
[SourceVersionDate "2017.08.23"]
[SourceQuality "1"]

1. e4 e5 2. Bc4 Nc6 3. Nc3 Nf6 4. d3 h6 5. f4 Bc5 6. Nf3 d6 7. Na4 Bb6 8. Nxb6 axb6 9. Bb5 0-0 10. Bxc6 bxc6 11. fxe5 dxe5 12. Nxe5 Nxe4 13. dxe4 Qh4+ 14. Kf1 Qxe4 15. Nd3 Bg4 16. Qe1 Qc4 17. Qc3 Qe4 18. h3 Be2+ 19. Kg1 Rad8 20. Kh2 Bxd3 21. cxd3 Rxd3 22. Re1 Qg6 23. Qe5 Rfd8 24. Bf4 R8d7 25. Qe8+ Kh7 26. Qe4 f5 27. Qe8 Qf6 28. Re6 Rxh3+ 29. Kxh3 1-0

[Event "Oberliga NRW 1617"]
[Site "Germany"]
[Date "2017.03.26"]
[Round "8.8"]
[White "Borchert, Rene"]
[Black "Bunyatov, Rustam Faiq"]
[Result "1/2-1/2"]
[WhiteElo "2205"]
[BlackElo "2249"]
[PlyCount "107"]
[EventDate "2016.09.25"]
[EventType "team-tourn"]
[EventRounds "9"]
[EventCountry "GER"]
[SourceTitle "EXT 2020"]
[Source "ChessBase"]
[SourceDate "2019.10.17"]
[SourceVersion "1"]
[SourceVersionDate "2019.10.17"]
[SourceQuality "1"]
[WhiteTeam "Dinslaken"]
[BlackTeam "Koeln Porz II"]
[WhiteTeamCountry "GER"]
[BlackTeamCountry "GER"]

1. e4 c5 2. c3 e6 3. d4 d5 4. exd5 exd5 5. Nf3 Nf6 6. Be2 Nc6 7. 0-0 Be7 8. dxc5 Bxc5 9. Bg5 Be6 10. Nbd2 0-0 11. Nb3 Be7 12. Nfd4 a5 13. a4 h6 14. Bh4 Ne5 15. Re1 Ng6 16. Bg3 Re8 17. Nxe6 fxe6 18. Bb5 Ne4 19. Qg4 Nf8 20. Bxe8 Qxe8 21. Qe2 h5 22. Be5 Nd7 23. f3 Nec5 24. Nxc5 Bxc5+ 25. Bd4 Ra6 26. Bxc5 Nxc5 27. Qb5 Qc6 28. Qxc6 Rxc6 29. b4 Nb3 30. Ra3 Nd2 31. b5 Rd6 32. Ra2 Nc4 33. Kf2 Kf7 34. g3 e5 35. f4 e4 36. Rd1 Ke6 37. Rd4 Rd8 38. Ra1 Rc8 39. h3 Nb2 40. Ra3 Nc4 41. Rb3 g5 42. f5+ Ke5 43. b6 Nd6 44. g4 hxg4 45. hxg4 Rh8 46. Rb1 Rh2+ 47. Kg1 Rh4 48. Rbd1 Rxg4+ 49. Kf2 e3+ 50. Kxe3 Nxf5+ 51. Kf3 Rxd4 52. cxd4+ Nxd4+ 53. Ke3 Nb3 54. Rg1 1/2-1/2

[Event "Oberliga NRW 1617"]
[Site "Germany"]
[Date "2016.12.11"]
[Round "4.8"]
[White "Kramps, Rene"]
[Black "Borchert, Rene"]
[Result "1/2-1/2"]
[WhiteElo "2123"]
[BlackElo "2205"]
[PlyCount "41"]
[EventDate "2016.09.25"]
[EventType "team-tourn"]
[EventRounds "9"]
[EventCountry "GER"]
[SourceTitle "EXT 2020"]
[Source "ChessBase"]
[SourceDate "2019.10.17"]
[SourceVersion "1"]
[SourceVersionDate "2019.10.17"]
[SourceQuality "1"]
[WhiteTeam "Iserlohn Koenigsspringer"]
[BlackTeam "Dinslaken"]
[WhiteTeamCountry "GER"]
[BlackTeamCountry "GER"]

1. e4 e5 2. Nf3 Nc6 3. Bc4 Bc5 4. Nc3 d6 5. Nd5 Bg4 6. c3 Nf6 7. d4 exd4 8. Bg5 dxc3 9. Qb3 0-0 10. Bxf6 gxf6 11. Qxc3 Kg7 12. 0-0-0 Ne5 13. Nxe5 Bxd1 14. Nd7 Ba4 15. N7xf6 Rg8 16. Nf4 Kf8 17. Nxh7+ Ke8 18. Nf6+ Kf8 19. Nxg8 Kxg8 20. Qg3+ Kf8 21. Qg4 1/2-1/2

[Event "Dortmund Helmut Kohl"]
[Site "Dortmund"]
[Date "2016.07.16"]
[Round "8"]
[White "Baltic, Fatih"]
[Black "Borchert, Rene"]
[Result "1/2-1/2"]
[WhiteElo "2103"]
[BlackElo "2181"]
[PlyCount "63"]
[EventDate "2016.07.09"]
[EventType "tourn"]
[EventRounds "9"]
[EventCountry "GER"]
[SourceTitle "CBM 173 Extra"]
[Source "ChessBase"]
[SourceDate "2016.08.29"]
[SourceVersion "1"]
[SourceVersionDate "2016.08.29"]
[SourceQuality "1"]

1. e4 e5 2. Nf3 Nc6 3. Bc4 Bc5 4. c3 Nf6 5. d3 0-0 6. 0-0 a6 7. h3 Ba7 8. Re1 d5 9. exd5 Nxd5 10. Nbd2 f6 11. d4 Kh8 12. dxe5 fxe5 13. Ne4 Be6 14. Neg5 Bg8 15. Nxh7 Bxh7 16. Qxd5 e4 17. Nd4 Nxd4 18. cxd4 Qf6 19. Be3 Rad8 20. Qe5 Bxd4 21. Qxf6 Rxf6 22. Red1 c5 23. Rd2 Rfd6 24. Rad1 b5 25. Be2 Bg8 26. b4 Be6 27. Bg4 Bxg4 28. hxg4 Kg8 29. Kf1 Kf7 30. Ke2 Be5 31. Bxc5 Rxd2+ 32. Rxd2 1/2-1/2

[Event "Dortmund Helmut Kohl"]
[Site "Dortmund"]
[Date "2016.07.15"]
[Round "7"]
[White "Borchert, Rene"]
[Black "Fluechter, Gregor"]
[Result "1/2-1/2"]
[WhiteElo "2181"]
[BlackElo "2182"]
[PlyCount "48"]
[EventDate "2016.07.09"]
[EventType "tourn"]
[EventRounds "9"]
[EventCountry "GER"]
[SourceTitle "CBM 173 Extra"]
[Source "ChessBase"]
[SourceDate "2016.08.29"]
[SourceVersion "1"]
[SourceVersionDate "2016.08.29"]
[SourceQuality "1"]

1. e4 c5 2. c3 Nf6 3. e5 Nd5 4. Nf3 Nc6 5. d4 cxd4 6. cxd4 d6 7. Bc4 Nb6 8. Bb5 dxe5 9. Nxe5 Bd7 10. Nxd7 Qxd7 11. Nc3 e6 12. 0-0 Be7 13. Qg4 0-0 14. Rd1 Rfd8 15. Bh6 Bf6 16. Bg5 Be7 17. Bxc6 bxc6 18. Rac1 Rac8 19. Bh6 Bf8 20. Bg5 Be7 21. Bh6 Bf8 22. Bg5 Be7 23. Bh6 Bf8 24. Bg5 Be7 1/2-1/2

[Event "Dortmund Helmut Kohl"]
[Site "Dortmund"]
[Date "2016.07.14"]
[Round "6"]
[White "Baerwolf, Steven"]
[Black "Borchert, Rene"]
[Result "1/2-1/2"]
[WhiteElo "2134"]
[BlackElo "2181"]
[PlyCount "90"]
[EventDate "2016.07.09"]
[EventType "tourn"]
[EventRounds "9"]
[EventCountry "GER"]
[SourceTitle "CBM 173 Extra"]
[Source "ChessBase"]
[SourceDate "2016.08.29"]
[SourceVersion "1"]
[SourceVersionDate "2016.08.29"]
[SourceQuality "1"]

1. d4 d5 2. c4 e6 3. Nc3 Nf6 4. Nf3 Be7 5. g4 0-0 6. Qc2 c5 7. cxd5 cxd4 8. Nxd4 Nxd5 9. Nf3 Nc6 10. Bg2 Nxc3 11. bxc3 e5 12. h3 Qc7 13. 0-0 Be6 14. Be3 Rac8 15. Qe4 Rfd8 16. c4 f6 17. Rac1 Qa5 18. Qb1 b6 19. Qb3 Qa6 20. Nd2 Nd4 21. Bxd4 Rxd4 22. Rfd1 Kh8 23. e3 Rd7 24. Bd5 Bxd5 25. cxd5 Rxc1 26. Rxc1 Bc5 27. Ne4 Bf8 28. Rc6 Rd8 29. Rc7 b5 30. Rc6 Qb7 31. Ng3 a5 32. e4 a4 33. Qc2 Ra8 34. Rc7 Qb6 35. Ne2 b4 36. Nc1 h6 37. Qc4 b3 38. axb3 axb3 39. Rc6 Qa5 40. Qxb3 Qe1+ 41. Kg2 Qxe4+ 42. Qf3 Qb4 43. Qc3 Qb5 44. Qb3 Qxb3 45. Nxb3 Rd8 1/2-1/2

[Event "Dortmund Helmut Kohl"]
[Site "Dortmund"]
[Date "2016.07.10"]
[Round "2"]
[White "Borchert, Rene"]
[Black "Ramsdal, Jens Albert"]
[Result "1/2-1/2"]
[WhiteElo "2181"]
[BlackElo "2204"]
[PlyCount "72"]
[EventDate "2016.07.09"]
[EventType "tourn"]
[EventRounds "9"]
[EventCountry "GER"]
[SourceTitle "CBM 173 Extra"]
[Source "ChessBase"]
[SourceDate "2016.08.29"]
[SourceVersion "1"]
[SourceVersionDate "2016.08.29"]
[SourceQuality "1"]

1. e4 e5 2. Nf3 Nc6 3. Bc4 Nf6 4. d4 exd4 5. 0-0 Nxe4 6. Re1 d5 7. Bxd5 Qxd5 8. Nc3 Qa5 9. Nxe4 Be6 10. Bg5 Bd6 11. Nxd6+ cxd6 12. Bf4 Qd5 13. c3 0-0 14. Nxd4 Nxd4 15. Qxd4 Qxd4 16. cxd4 d5 17. Rac1 Rac8 18. f3 Rc4 19. Rxc4 dxc4 20. Bd2 Rd8 21. Bc3 Rd5 22. Re5 Rxe5 23. dxe5 Kf8 24. Kf2 Ke7 25. Ke3 Kd7 26. Ke4 Kc6 27. g4 Bd5+ 28. Ke3 g6 29. f4 Be6 30. h3 Kd5 31. a3 a6 32. Ba5 h5 33. gxh5 gxh5 34. h4 Bg4 35. Bb6 Kc6 36. Bd8 Kd5 1/2-1/2

[Event "Dortmund Helmut Kohl"]
[Site "Dortmund"]
[Date "2016.07.09"]
[Round "1"]
[White "Thogersen, Rasmus"]
[Black "Borchert, Rene"]
[Result "1-0"]
[WhiteElo "2205"]
[BlackElo "2181"]
[PlyCount "91"]
[EventDate "2016.07.09"]
[EventType "tourn"]
[EventRounds "9"]
[EventCountry "GER"]
[SourceTitle "CBM 173 Extra"]
[Source "ChessBase"]
[SourceDate "2016.08.29"]
[SourceVersion "1"]
[SourceVersionDate "2016.08.29"]
[SourceQuality "1"]

1. d4 d5 2. c4 e6 3. Nc3 Nf6 4. cxd5 exd5 5. Bg5 Be7 6. Qc2 0-0 7. e3 Nbd7 8. Bd3 b6 9. Nf3 Bb7 10. 0-0 c5 11. Rfd1 a6 12. Ne5 h6 13. Nxd7 Nxd7 14. Bxe7 Qxe7 15. Bf5 cxd4 16. Rxd4 Nf6 17. Qb3 Qe5 18. Bh3 Rab8 19. g3 Rfd8 20. Rad1 Rd6 21. e4 Rbd8 22. f4 Qh5 23. e5 Qxh3 24. exd6 Rxd6 25. Re1 Qc8 26. Qd1 b5 27. Ne4 Nxe4 28. Rexe4 Rc6 29. Re1 Rc4 30. b3 Rc3 31. Qd2 Rc7 32. Qe3 Qg4 33. Rc1 Rxc1+ 34. Qxc1 Qf3 35. Qe1 Kh7 36. Qf2 Qc3 37. Qd2 Qa1+ 38. Kg2 Kg8 39. Qf2 a5 40. Qd2 b4 41. f5 f6 42. Qf4 Kh7 43. Qg4 Qxa2+ 44. Kh3 Qf2 45. Qg6+ Kh8 46. Rg4 1-0

[Event "GER-ch U18"]
[Site "Willingen"]
[Date "2016.05.21"]
[Round "9"]
[White "Pfreundt, Jakob"]
[Black "Borchert, Rene"]
[Result "1/2-1/2"]
[WhiteElo "2248"]
[BlackElo "2174"]
[PlyCount "72"]
[EventDate "2016.05.15"]
[EventType "swiss"]
[EventRounds "9"]
[EventCountry "GER"]
[SourceTitle "CBM 172 Extra"]
[Source "ChessBase"]
[SourceDate "2016.06.21"]
[SourceVersion "1"]
[SourceVersionDate "2016.06.21"]
[SourceQuality "1"]

1. d4 d5 2. c4 e6 3. Nf3 Nf6 4. Nc3 Be7 5. cxd5 exd5 6. Bg5 0-0 7. e3 c6 8. Bd3 Bg4 9. h3 Bh5 10. g4 Bg6 11. Bxf6 Bxf6 12. h4 c5 13. Bxg6 fxg6 14. g5 Be7 15. dxc5 Bxc5 16. Nxd5 Nc6 17. Nf4 Qe7 18. Qd5+ Rf7 19. Qe6 Qxe6 20. Nxe6 Bxe3 21. fxe3 Rxf3 22. Ke2 Rf5 23. Rad1 Re5 24. Nd4 Rae8 25. Rh3 Nb4 26. Kf2 Re4 27. a3 Nd5 28. Nc2 Nb6 29. Rd4 R4e5 30. Rd3 Nc4 31. b3 Rf5+ 32. Ke2 Ne5 33. Rc3 Ref8 34. Rh2 Nf3 35. Rh1 Ne5 36. Rh2 Nf3 1/2-1/2

[Event "GER-ch U18"]
[Site "Willingen"]
[Date "2016.05.19"]
[Round "7"]
[White "Mierzwa, Robert"]
[Black "Borchert, Rene"]
[Result "0-1"]
[WhiteElo "1976"]
[BlackElo "2174"]
[PlyCount "96"]
[EventDate "2016.05.15"]
[EventType "swiss"]
[EventRounds "9"]
[EventCountry "GER"]
[SourceTitle "CBM 172 Extra"]
[Source "ChessBase"]
[SourceDate "2016.06.21"]
[SourceVersion "1"]
[SourceVersionDate "2016.06.21"]
[SourceQuality "1"]

1. d4 d5 2. c4 e6 3. Nf3 Nf6 4. g3 dxc4 5. Bg2 Nc6 6. 0-0 a6 7. e3 Bd7 8. Nbd2 b5 9. b3 c3 10. Nb1 b4 11. a3 a5 12. Ne5 Nxe5 13. Bxa8 Ng6 14. Bg2 Bb5 15. Re1 Nd5 16. e4 Nb6 17. Qh5 Qd7 18. Be3 Be7 19. Rc1 0-0 20. Nxc3 bxc3 21. Rxc3 a4 22. b4 c6 23. Rac1 Rb8 24. Bh3 Bf6 25. Qd1 h6 26. f4 Rd8 27. f5 exf5 28. Bxf5 Qd6 29. Kf2 Bxd4 30. Bxd4 Qxd4+ 31. Qxd4 Rxd4 32. Ke3 Rd8 33. Bxg6 fxg6 34. Kf4 Kf7 35. h4 Rd2 36. Ke3 Rd6 37. Kf4 Ke7 38. Kf3 Ke6 39. Kf4 Nd7 40. Kf3 Ne5+ 41. Ke3 Rd8 42. R1c2 Rd1 43. Kf2 Rf1+ 44. Kg2 Re1 45. Kf2 Rxe4 46. Kg2 g5 47. hxg5 hxg5 48. Kf2 g4 0-1

[Event "GER-ch U18"]
[Site "Willingen"]
[Date "2016.05.17"]
[Round "4"]
[White "Borchert, Rene"]
[Black "Reitz, Philipp"]
[Result "1-0"]
[WhiteElo "2174"]
[BlackElo "1831"]
[PlyCount "49"]
[EventDate "2016.05.15"]
[EventType "swiss"]
[EventRounds "9"]
[EventCountry "GER"]
[SourceTitle "CBM 172 Extra"]
[Source "ChessBase"]
[SourceDate "2016.06.21"]
[SourceVersion "1"]
[SourceVersionDate "2016.06.21"]
[SourceQuality "1"]

1. e4 c5 2. c3 g6 3. d4 cxd4 4. cxd4 d5 5. e5 Nc6 6. Nc3 Nh6 7. Be2 Bg7 8. h3 Bf5 9. Be3 0-0 10. Qd2 Nb4 11. Rc1 Nc2+ 12. Rxc2 Bxc2 13. Qxc2 Nf5 14. Nf3 Qa5 15. Qb3 e6 16. Bg5 h6 17. Bd2 Rac8 18. 0-0 Qc7 19. Bd3 f6 20. Nb5 Qb6 21. Bb4 Nxd4 22. Nfxd4 fxe5 23. Bxf8 Rxf8 24. Nxe6 Qxe6 25. Nc7 1-0